000 00255nam a2200109Ia 4500
008 220714s9999 xx 000 0 und d
020 _a0-7451-0394-4
082 _aEF ROB
100 _aDENISE ROBERTSON
_9170735
245 0 _aMY LADY DESTINY
942 _cBK
_w561
_xJohn Tresidder
_y561
_zJohn Tresidder
999 _c726551
_d726550